Strategic management practices in Kenya : (Record no. 3260)
[ view plain ]
| 000 -LEADER | |
|---|---|
| fixed length control field | 00431cam a2200145 a 4500 |
| 020 ## - INTERNATIONAL STANDARD BOOK NUMBER | |
| International Standard Book Number | 9789966707680 |
| 050 00 - LIBRARY OF CONGRESS CALL NUMBER | |
| Classification number | HD30.28 |
| Item number | .Y3 2010 |
| 100 1# - MAIN ENTRY--PERSONAL NAME | |
| Personal name | Yabs, John. |
| 245 10 - TITLE STATEMENT | |
| Title | Strategic management practices in Kenya / |
| Statement of responsibility, etc. | by John Yabs. |
| Remainder of title | a kenyan perspective |
| 260 ## - PUBLICATION, DISTRIBUTION, ETC. (IMPRINT) | |
| Place of publication, distribution, etc. | Nairobi : |
| Name of publisher, distributor, etc. | Lelax Global Ltd., |
| Date of publication, distribution, etc. | 2010. |
| 300 ## - PHYSICAL DESCRIPTION | |
| Extent | xxix, 314 p. : |
| 500 ## - GENERAL NOTE | |
| General note | "Applications and cases"--Cover. |
| 650 #0 - SUBJECT ADDED ENTRY--TOPICAL TERM | |
| Form subdivision | Strategic management. |
| 942 ## - ADDED ENTRY ELEMENTS (KOHA) | |
| Koha item type | General circulation |
| Withdrawn status | Lost status | Source of classification or shelving scheme | Damaged status | Not for loan | Home library | Current library | Shelving location | Date acquired | Total Checkouts | Total Renewals | Full call number | Barcode | Date last seen | Date last checked out | Koha item type | Cost, normal purchase price | Cost, replacement price | Public note |
|---|---|---|---|---|---|---|---|---|---|---|---|---|---|---|---|---|---|---|
| Library of Congress Classification | Kitui Town Campus Library | Kitui Town Campus Library | General Stacks | 30/05/2015 | 14 | HD 30.28 .Y3 2010 | 2024/028247 | 15/08/2018 | 05/07/2018 | General circulation | 1200.00 | 1500.00 | dm | |||||
| Library of Congress Classification | Main Campus Library | Main Campus Library | General Stacks | 09/09/2014 | 6 | 1 | HD 30.28 .Y3 2010 | 2016/012162 | 14/12/2020 | 30/11/2020 | General circulation | |||||||
| Library of Congress Classification | Main Campus Library | Main Campus Library | General Stacks | 09/09/2014 | 3 | 1 | HD 30.28 .Y3 2010 | 2016/012163 | 22/11/2016 | 09/11/2016 | General circulation | |||||||
| Library of Congress Classification | Wote Campus Library | Wote Campus Library | General Stacks | 17/03/2015 | 2 | HD 30.28 .Y3 2010 | 2024/027375 | 05/08/2019 | 10/07/2019 | General circulation |